000 00449 a2200193 4500
001 106607
020 _a9788585466381
041 _apor
090 _aYear 1 028
250 _a1.ed.
697 _aLiteratura infantil.
697 _aPoesias infantis.
700 _aLalau.
856 _u00000f/00000f7a.jpg
040 _aBR-BrIDEA
_cBR-BrIDEA
245 1 0 _aGirassóis
_cLalau
260 _a[S.l.]
_bCompanhia das Letrinhas
_c1995
942 _cBK
999 _c106607
_d106607